[Event "Rhein Main op-A 21st"]
[Site "Bad Homburg"]
[Date "2018.06.03"]
[Round "7"]
[White "Leibold, Mathias"]
[Black "Beck, Andreas"]
[Result "1/2-1/2"]
[WhiteElo "1781"]
[BlackElo "1817"]
[PlyCount "79"]
[EventDate "2018.05.30"]
[EventType "swiss"]
[EventRounds "7"]
[EventCountry "GER"]
[SourceTitle "EXT 2019"]
[Source "ChessBase"]
[SourceDate "2018.10.10"]
[SourceVersion "1"]
[SourceVersionDate "2018.10.10"]
[SourceQuality "1"]

1. e4 g6 2. g3 Bg7 3. Bg2 c5 4. c3 Nc6 5. Nf3 d6 6. d3 Nf6 7. Be3 0-0 8. 0-0 Bd7 9. Nbd2 b5 10. a3 Ng4 11. Rc1 a5 12. Qe2 Nxe3 13. fxe3 Qb6 14. Ng5 Ra7 15. Rf2 h6 16. Nh3 Ne5 17. Nf4 Bg4 18. Bf3 Nxf3+ 19. Nxf3 e6 20. h3 Bxf3 21. Rxf3 b4 22. d4 Rc7 23. Rcf1 Qb7 24. a4 c4 25. Qc2 b3 26. Qb1 Qc8 27. Kg2 Qe8 28. Qa1 Qc6 29. d5 Qd7 30. Qa3 e5 31. Ne2 h5 32. Ng1 Bh6 33. Rf6 Rc5 34. R6f3 Bg5 35. h4 Bd8 36. Nh3 Rc7 37. Kh2 Rb7 38. Kg2 Bb6 39. Ng5 Bc5 40. Qa1 1/2-1/2

[Event "Frankfurt-chA"]
[Site "Frankfurt"]
[Date "2015.05.11"]
[Round "3"]
[White "Leibold, Mathias"]
[Black "Richter, Wolfram"]
[Result "1-0"]
[WhiteElo "1616"]
[BlackElo "1521"]
[PlyCount "155"]
[EventDate "2015.04.27"]
[EventType "swiss"]
[EventRounds "7"]
[EventCountry "GER"]
[SourceTitle "EXT 2016"]
[Source "ChessBase"]
[SourceDate "2015.10.08"]
[SourceVersion "1"]
[SourceVersionDate "2015.10.08"]
[SourceQuality "1"]

1. e4 d6 2. d4 Nf6 3. Nc3 g6 4. Bg5 Bg7 5. Bc4 c6 6. Nge2 b5 7. Bb3 b4 8. Bxf6 Bxf6 9. Nb1 Bg4 10. f3 Bd7 11. c3 c5 12. dxc5 bxc3 13. Nbxc3 0-0 14. cxd6 Nc6 15. dxe7 Nxe7 16. Qd3 Qc7 17. 0-0 Rad8 18. Rac1 Qb6+ 19. Kh1 Nc6 20. Nd5 Nb4 21. Nxf6+ Qxf6 22. Qd4 Qa6 23. Qxb4 Qxe2 24. Rfe1 Qa6 25. Rc7 Rfe8 26. Qc4 Qf6 27. Qc3 Qb6 28. Qc5 Qf6 29. Qxa7 Be6 30. Bxe6 Qxe6 31. a3 Rd2 32. b4 Qa2 33. Rg1 Red8 34. Rcc1 Rf2 35. b5 Rdd2 36. Qb8+ Kg7 37. Qe5+ Kh6 38. Qg3 Rb2 39. Ra1 Qb3 40. a4 Ra2 41. Rxa2 Rxa2 42. Qe5 Rxa4 43. Qd5 Rb4 44. Qxb3 Rxb3 45. h3 Rxb5 46. Rd1 Rb7 47. Kh2 Kg5 48. Kg3 Rc7 49. f4+ Kh6 50. Kf3 Kg7 51. e5 h5 52. g4 hxg4+ 53. hxg4 g5 54. Rd6 gxf4 55. Kxf4 Ra7 56. Kf5 Ra1 57. Rd4 Re1 58. Rf4 Re2 59. Re4 Rf2+ 60. Kg5 Rf1 61. e6 fxe6 62. Rxe6 Kf7 63. Re5 Rg1 64. Ra5 Ke6 65. Kh5 Rh1+ 66. Kg6 Rg1 67. g5 Rg2 68. Rf5 Rg1 69. Rf6+ Ke7 70. Rf3 Ke6 71. Re3+ Kd6 72. Kf6 Rf1+ 73. Kg7 Kd7 74. g6 Kd8 75. Kg8 Kd7 76. g7 Rf2 77. Rh3 Ke6 78. Kh8 1-0

[Event "Karl Mala Memorial op-A 17th"]
[Site "Frankfurt"]
[Date "2014.08.02"]
[Round "4"]
[White "Leibold, Mathias"]
[Black "Lemonidis, Christos"]
[Result "1/2-1/2"]
[WhiteElo "1636"]
[BlackElo "1828"]
[PlyCount "81"]
[EventDate "2014.07.31"]
[EventType "swiss"]
[EventRounds "7"]
[EventCountry "GER"]
[SourceTitle "EXT 2015"]
[Source "ChessBase"]
[SourceDate "2014.11.20"]
[SourceVersion "1"]
[SourceVersionDate "2014.11.20"]
[SourceQuality "1"]

1. e4 d6 2. d4 g6 3. Nf3 Bg7 4. Bc4 e6 5. 0-0 b6 6. c3 Bb7 7. Qe2 Nd7 8. Bg5 Ne7 9. Nbd2 h6 10. Bh4 Kf8 11. e5 Bxf3 12. Qxf3 d5 13. Bd3 Kg8 14. c4 c6 15. Rac1 Bf8 16. Rc3 Qe8 17. Bxe7 Bxe7 18. a3 Bd8 19. cxd5 cxd5 20. Rfc1 Kh7 21. Bb5 Qe7 22. Ba6 Nf8 23. Rc8 Rxc8 24. Rxc8 Kg7 25. Qc3 Nh7 26. Qc6 Re8 27. Qa8 Rf8 28. Qb8 Qd7 29. b3 Be7 30. Rxf8 Nxf8 31. Nb1 Bd8 32. Qb7 Qxb7 33. Bxb7 a5 34. Nc3 Be7 35. Nb5 Nd7 36. Kf1 Nb8 37. Ke2 Kf8 38. Kd3 Ke8 39. g3 Kd7 40. f4 Nc6 41. Bxc6+ 1/2-1/2

[Event "Karl Mala Memorial op-A 17th"]
[Site "Frankfurt"]
[Date "2014.08.01"]
[Round "3"]
[White "Zimmer, Gerald"]
[Black "Leibold, Mathias"]
[Result "1-0"]
[WhiteElo "1975"]
[BlackElo "1636"]
[PlyCount "61"]
[EventDate "2014.07.31"]
[EventType "swiss"]
[EventRounds "7"]
[EventCountry "GER"]
[SourceTitle "EXT 2015"]
[Source "ChessBase"]
[SourceDate "2014.11.20"]
[SourceVersion "1"]
[SourceVersionDate "2014.11.20"]
[SourceQuality "1"]

1. d4 d5 2. c4 c6 3. Nf3 Bf5 4. cxd5 cxd5 5. Qb3 Bc8 6. Nc3 Nf6 7. Bg5 e6 8. Rc1 Be7 9. e3 a6 10. Ne5 Nfd7 11. Bxe7 Qxe7 12. Nxd5 Qd8 13. Nc7+ Ke7 14. Nxa8 Qa5+ 15. Qc3 Qxc3+ 16. Rxc3 Nxe5 17. dxe5 Nc6 18. Nb6 Bd7 19. Nxd7 Kxd7 20. f4 b5 21. Be2 Nb4 22. a3 Nd5 23. Rd3 Ke7 24. Bf3 Nb6 25. b3 Rc8 26. Kd2 a5 27. Rc1 f6 28. exf6+ Kxf6 29. Rxc8 Nxc8 30. Rd8 Ne7 31. Be4 1-0

[Event "Frankfurt-chA"]
[Site "Frankfurt"]
[Date "2014.05.12"]
[Round "3"]
[White "Schmitt, Roland"]
[Black "Leibold, Mathias"]
[Result "1-0"]
[WhiteElo "1907"]
[BlackElo "1682"]
[PlyCount "71"]
[EventDate "2014.04.28"]
[EventType "swiss"]
[EventRounds "7"]
[EventCountry "GER"]
[SourceTitle "EXT 2015"]
[Source "ChessBase"]
[SourceDate "2014.11.20"]
[SourceVersion "1"]
[SourceVersionDate "2014.11.20"]
[SourceQuality "1"]

1. d4 d5 2. c4 c6 3. Nc3 Nf6 4. Nf3 e6 5. Bg5 Be7 6. e3 dxc4 7. Bxc4 Nd5 8. Bxe7 Qxe7 9. 0-0 0-0 10. e4 Nf6 11. a4 Rd8 12. e5 Ne8 13. Ne4 Nd7 14. Ra3 Nb6 15. Ba2 Nd5 16. Bb1 h6 17. Rb3 b6 18. Qc2 Bd7 19. Nc5 f5 20. exf6 Nexf6 21. Nxd7 Rxd7 22. Ne5 Rc7 23. Rh3 c5 24. dxc5 Rxc5 25. Qd2 Rd8 26. Rd3 Rdc8 27. Rd1 Ne4 28. Qe1 Ndf6 29. Rd7 Qe8 30. f4 Rxe5 31. Rxg7+ Kxg7 32. fxe5 Qxa4 33. exf6+ Nxf6 34. Qg3+ Ng4 35. Qd3 Qf4 36. Qd7+ 1-0

[Event "Hessen-ch Gr-D 62nd"]
[Site "Hanau"]
[Date "2008.03.23"]
[Round "5"]
[White "Leibold, Mathias"]
[Black "Bachmann, Nick"]
[Result "0-1"]
[WhiteElo "1597"]
[BlackElo "1520"]
[PlyCount "35"]
[EventDate "2008.03.21"]
[EventType "swiss"]
[EventRounds "5"]
[EventCountry "GER"]
[SourceTitle "CBM 123 Extra"]
[Source "ChessBase"]
[SourceDate "2008.05.06"]
[SourceVersion "1"]
[SourceVersionDate "2008.05.06"]
[SourceQuality "1"]

1. e4 e5 2. Nf3 Nc6 3. Bc4 Bc5 4. d3 Nf6 5. Be3 Bxe3 6. fxe3 0-0 7. 0-0 d5 8. Bxd5 Nxd5 9. exd5 Qxd5 10. Nc3 Qc5 11. Qd2 Bf5 12. Kh1 Bg6 13. e4 Rad8 14. Qf2 Qb4 15. Rab1 f5 16. Nd5 Qa5 17. Qh4 fxe4 18. Ng5 0-1

[Event "Hessen-ch qual-D"]
[Site "Erlensee"]
[Date "2007.04.06"]
[Round "1"]
[White "Montes Padilla, Alejandro"]
[Black "Leibold, Mathias"]
[Result "1-0"]
[WhiteElo "1670"]
[BlackElo "1594"]
[PlyCount "51"]
[EventDate "2007.04.06"]
[EventType "swiss"]
[EventRounds "5"]
[EventCountry "GER"]
[SourceTitle "CBM 117 Extra"]
[Source "ChessBase"]
[SourceDate "2007.05.09"]
[SourceVersion "1"]
[SourceVersionDate "2007.05.09"]
[SourceQuality "1"]

1. e4 e5 2. Nf3 Nc6 3. Bb5 d6 4. d4 exd4 5. Nxd4 Bd7 6. Nxc6 bxc6 7. Bc4 Be6 8. Bxe6 fxe6 9. Qh5+ Kd7 10. 0-0 Nf6 11. Qh3 h6 12. f4 Rb8 13. e5 Nh7 14. f5 Ng5 15. fxe6+ Nxe6 16. exd6 cxd6 17. Nc3 Be7 18. Re1 Qg8 19. Bd2 h5 20. Re2 g5 21. Rae1 Rh6 22. b3 Rf8 23. Qe3 c5 24. Qe4 Rb8 25. Nd5 Bd8 26. Qa4+ 1-0